|
|
|
|
| LEADER |
02383nam a22002897a 4500 |
| 001 |
42272 |
| 003 |
BD-DhAAL |
| 005 |
20240627144052.0 |
| 008 |
240213t2022 bg ||||| b||| 001 0 eng d |
| 020 |
|
|
|a 9789849665762
|
| 040 |
|
|
|a BD-DhAAL
|d BD-DhAAL
|
| 082 |
|
|
|a 320.95492
|
| 100 |
|
|
|a Kabir, Nurul.
|9 56018
|
| 245 |
|
|
|a Birth of Bangladesh :
|b the politics of history and the history of politics /
|c Nurul Kabir.
|
| 260 |
|
|
|a Dhaka :
|b Samhati Publications,
|c 2022 [Second impression].
|
| 300 |
|
|
|a 1230 pages ;
|c 25 cm.
|
| 504 |
|
|
|a Includes bibliographical references and index.
|
| 505 |
|
|
|a Prologue. Birth of Bangladesh through a national liberation war: Misleading narratives of a leading political Event
I. Politics of history and history of politics: Trapping Bangladesh movement in classist, partisan, gendered and jingoistic historiography
II. Neo-colonialist rule of (West) Pakistan: Making of the Bangladesh movement in the East
III. West's Betrayal ignites flame of national liberation in the East: Hesitant leadership lagging behind a rebellious people
IV. West's murderous military mayhem: Initial resistance by an unprepared East
V. Belated proclamation of Bangladesh's independence: Political failure at the moment of truth
VI. Fighting the Liberation War: The wars within and beyond the war
VII. National war, global activism and international polarisation: Politics of regional dominance and birth of Bangladesh
VIII. The Left's liberation war and the League's illiberal hostilities: Selective silence of Bangladesh's official history
IX. Extraordinary war of the ordinaries: Expulsion from history and exclusion by the state
X. External politics of trivializing the great Mukti-victory: Bangladesh's ugly birthmark and failure to try Pakistani war crimes
Epilogue. Ruling-class politics of diseventalisation: Settling the claims of history
|
| 526 |
|
|
|a ENH
|
| 541 |
|
|
|a Karim International
|e 42272
|
| 650 |
|
|
|a Politics and government
|z Bangladesh.
|
| 651 |
|
|
|a Bangladesh
|x Politics and government
|y 1971.
|
| 651 |
|
|
|a Bangladesh
|x Politics and government.
|
| 852 |
|
|
|a Ayesha Abed Library
|c General Stacks
|
| 942 |
|
|
|2 ddc
|c BK
|
| 999 |
|
|
|c 46394
|d 46394
|
| 952 |
|
|
|0 0
|1 0
|2 ddc
|4 0
|6 320_954920000000000_KAB
|7 0
|9 75129
|a BRACUL
|b BRACUL
|c GEN
|d 2024-02-11
|e Karim International
|g 1750.00
|l 3
|m 19
|o 320.95492 KAB
|p 3010042272
|r 2026-04-21
|s 2026-03-08
|t 1
|v 1750.00
|w 2024-02-11
|y BK
|